El Sector estatal en los países del caribe: problemas y posibilidades. /

Guardado en:
Bibliografiske detaljer
Hovedforfatter: Onúfriev, Yuri
Andre forfattere: Símonova, Ludmila
Format: Texto
Tags: Tilføj Tag
Ingen Tags, Vær først til at tagge denne postø!

MARC

LEADER 00000 a a2200000 04500
001 650
003
040
100 |a Onúfriev, Yuri  
245 |a El Sector estatal en los países del caribe:   |b problemas y posibilidades. /  |c Yuri Onúfriev 
700 |a Símonova, Ludmila  
773 |g número 4; páginas 18-26  
999 |c 22663  |d 22663